Charlie Chaplin Films Quiz Stats

 Plays Quiz Updated Aug 26, 2019

Score 0/12 Timer 04:00
0 Plays Today
Year Film % Correct
1940The Great Dictator
83.8%
1936Modern Times
81.2%
1931City Lights
76.6%
1925The Gold Rush
70.4%
1921The Kid
66.5%
1952Limelight
45.8%
1928The Circus
38.8%
1947Monsieur Verdoux
32.7%
1957A King in New York
23.3%
1967A Countess from Hong Kong
19.5%
1923A Woman of Paris: A Drama of Fate
18%
1914Tillie's Punctured Romance
11.5%

You're not logged in!

Compare scores with friends on all Sporcle quizzes.
OR
Log In

Sporcle TV

Today on Sporcle TV


Watch our educational content, quiz creation guides, and fun videos on Sporcle TV.

Show Comments

Extras

Top Quizzes Today


Score Distribution

Your Account Isn't Verified!

In order to create a playlist on Sporcle, you need to verify the email address you used during registration. Go to your Sporcle Settings to finish the process.

Report this User

Report this user for behavior that violates our Community Guidelines.

Details: